|
|
|
|
| LEADER |
01116nam a22002297i 4500 |
| 003 |
GR-PaULI |
| 005 |
20211008133434.0 |
| 008 |
170530s1997 gr a|||| |||| 001 0 gre d |
| 020 |
|
|
|a 9607043391
|
| 040 |
|
|
|a GR-PaULI
|b gre
|c GR-PaULI
|e AACR2
|
| 082 |
0 |
4 |
|a 888.2092
|2 23
|
| 100 |
1 |
|
|9 162270
|a Δελβερούδη, Ελίζα-Αννα.
|e συγγραφέας
|
| 245 |
1 |
2 |
|a Ο Αλέξανδρος Σούτσος η πολιτική και το θέατρο /
|c Ελίζα-Αννα Δελβερούδη.
|
| 260 |
|
|
|a Αθήνα :
|b Πορεία,
|c 1997.
|
| 300 |
|
|
|a 129 σ. :
|b εικ. ;
|c 21 εκ.
|
| 500 |
|
|
|a Περιλαμβάνει ευρετήριο.
|
| 600 |
|
0 |
|9 162271
|a Σούτσος, Αλέξανδρος,
|d 1803-1863
|x Ιστορία και κριτική.
|
| 650 |
|
4 |
|a Θέατρο
|z Ελλάδα
|x Ιστορία
|y 19ος αιώνας
|9 77876
|
| 942 |
|
|
|2 ddc
|c BK15
|
| 952 |
|
|
|0 0
|1 0
|2 ddc
|4 0
|6 888_209200000000000_ΣΟΥ_ΔΕΛ
|7 0
|9 212768
|a THST
|b THST
|d 2017-05-30
|i 006796
|l 0
|o 888.2092 ΣΟΥ ΔΕΛ
|p 025000010415
|r 2017-05-30 00:00:00
|t 1
|v 2017.00
|w 2017-05-30
|y BK15
|
| 998 |
|
|
|c ΜΑΝΙΑ
|d 2017-05
|
| 999 |
|
|
|c 129410
|d 129410
|